The Cunning of Reason : (Record no. 585864)

MARC details
000 -LEADER
fixed length control field 00502nam a2200193 a 4500
008 - FIXED-LENGTH DATA ELEMENTS--GENERAL INFORMATION
fixed length control field 250906s1987##################000#0#eng##
020 ## - INTERNATIONAL STANDARD BOOK NUMBER
ISBN 9780521270397
082 04 - DEWEY DECIMAL CLASSIFICATION NUMBER
Classification number 128.3
Item number HOL
100 1# - MAIN ENTRY--AUTHOR NAME
Personal name Hollis, Martin,
245 10 - TITLE STATEMENT
Title The Cunning of Reason :
260 ## - PUBLICATION, DISTRIBUTION, ETC. (IMPRINT)
Name of publisher Cambridge University Press,
Year of publication 1987.
300 ## - PHYSICAL DESCRIPTION
Number of Pages 236 pages
650 #0 - SUBJECT ADDED ENTRY--TOPICAL TERM
Topical Term Philosophy.
942 ## - ADDED ENTRY ELEMENTS (KOHA)
Koha item type English Books
Holdings
Withdrawn status Lost status Damaged status Not for loan Home library Current library Shelving location Date acquired Full call number Accession Number Price effective from Koha item type
        Anna Centenary Library Anna Centenary Library 3RD FLOOR, A WING 08.09.2025 128.3 HOL 239187 08.09.2025 English Books

Find us on the map